| 000 | 00560nam a22002177a 4500 | ||
|---|---|---|---|
| 003 | OSt | ||
| 005 | 20140310181921.0 | ||
| 008 | 130718t xxu||||| |||| 00| 0 eng d | ||
| 050 |
_aQA 93 _b.In61 2008 |
||
| 082 |
_aTR 510 _bSm7 2008 |
||
| 245 |
_aInteract : _bpractice for book 8T |
||
| 260 |
_aCambridge : _bCambridge University Press, _cc2008. |
||
| 300 |
_a96 p. : _bill. ; _c8 cm. |
||
| 521 | _aFaculty. | ||
| 541 | _j1 | ||
| 541 | _j2 | ||
| 541 | _j3 | ||
| 562 | _e3 | ||
| 650 |
_aMathematics _9210 |
||
| 942 |
_2lcc _cBK-TR _kTR |
||
| 999 |
_c6983 _d6983 |
||